Komárno

Zobrazenie: Desať čiastkových pohľadov, každý v bielom orámovaní na prístav s loďami na hladine rieky. Pohľad na most nad riekou. Pohľad na námestie s radnicou v pozadí. Pohľad na dôstojnícky pavilón. Pohľad na mólo na rieke. Pohľad na most v pozadí s budovami mesta, medzi ktorými vidno kostol - baz...

Full description

Bibliographic Details
Format: Photo
Language:Slovak
PhysicalDescription:1 pohľadnica (10 čiastkových pohľadov) tónovaná do hneda 15 x 10 cm
Published: [Slovensko?] D. K. [medzi 1920 a 1973?]
Subjects:

MARC

LEADER 00000nkm a2200000 a 4500
001 vtls011883962
003 SK-MaSNL
005 20260301051745.0
007 kf ao
008 230718q1920 xo g kuslo
015 |a SNBG 
035 |a urn:nbn:sk:snk-km00ds36 
035 |a urn:nbn:sk:snk-km3lvpk 
035 |a 0C604A82-1103-4934-AF9C-E774EB5AFD40 
040 |a SNK  |b slo  |c SNK  |e AACR2 
041 0 |a slo 
043 |a e-xo--- 
044 |a xo  |c SK 
072 7 |a 913  |x Regionálna geografia  |2 konspekt 
080 |a 913(437.6)  |2 2011 
080 |a 627.2  |2 2011 
080 |a (084.121)  |2 2011 
080 |a 629.97  |2 2011 
080 |a 556.53  |2 2011 
080 |a 725.95  |2 2011 
080 |a 725.1:352  |2 2011 
080 |a 355.092  |2 2011 
080 |a 355.711  |2 2011 
080 |a 355.7  |2 2011 
080 |a 347.99  |2 2011 
080 |a 725.1:342.3-057.341/.343  |2 2011 
080 |a 629.541.4  |2 2011 
080 |a 726:27-523.42  |2 2011 
245 0 0 |a Komárno  |h grafika 
260 |a [Slovensko?]  |b D. K.  |c [medzi 1920 a 1973?] 
300 |a 1 pohľadnica (10 čiastkových pohľadov)  |b tónovaná do hneda  |c 15 x 10 cm 
520 8 |a Zobrazenie: Desať čiastkových pohľadov, každý v bielom orámovaní na prístav s loďami na hladine rieky. Pohľad na most nad riekou. Pohľad na námestie s radnicou v pozadí. Pohľad na dôstojnícky pavilón. Pohľad na mólo na rieke. Pohľad na most v pozadí s budovami mesta, medzi ktorými vidno kostol - baziliku sv. Ondreja. Pohľad na ulicu s radmi budov z oboch strán, vpravo v pozadí s kostolom sv. Ondreja. Pohľad na budovu Justičného paláca s autom zaparkovaným na okraji cesty vpravo v popredí. Pohľad na mesto z výšky a z diaľky. Pohľad na rieku s parníkom plaviacim sa po nej 
610 2 7 |a Kostol sv. Ondreja (Komárno, Slovensko)  |2 SNKKA  |9 29145 
650 0 7 |a prístavy  |2 SNKPH  |9 16797 
650 0 7 |a lode  |2 SNKPH  |9 28713 
650 0 7 |a rieky  |2 SNKPH  |9 29644 
650 0 7 |a mosty  |2 SNKPH  |9 3015 
650 0 7 |a dôstojníci  |2 SNKPH  |9 59086 
650 0 7 |a kasárne  |2 SNKPH  |9 29949 
650 0 7 |a vojenské stavby  |2 SNKPH  |9 85895 
650 0 7 |a súdy  |2 SNKPH  |9 4646 
650 0 7 |a paláce  |2 SNKPH  |9 26828 
650 0 7 |a parníky  |2 SNKPH  |9 86871 
650 0 7 |a kostoly  |2 SNKPH  |9 3023 
650 0 7 |a baziliky  |2 SNKPH  |9 54566 
651 7 |a Komárno (Slovensko)  |2 SNKPHgeo  |9 39168 
655 7 |a miestne pohľadnice  |2 SNKPH  |9 70510 
852 |a Slovenská národná knižnica 
954 |a pohľadnice pôvodné (slovenské)  |2 lita 
958 |a OND 
958 |a GBN 
958 |a GC 
958 |a EUIPO 
999 |c 604192  |d 606122 
952 |a SNK  |b SNK  |y PREZ  |7 0  |p 17A1281513  |o snkSP 59879  |0 0  |1 0  |4 0  |d 2019-08-27  |f 1  |l 0  |r 2026-02-23 16:04:20  |w 2026-02-23